| 000 | 00528nam a2200205 i 4500 | ||
|---|---|---|---|
| 001 | bg | ||
| 100 | 1 | _aNOWACKI, Józef | |
| 245 | 1 | 0 |
_aWstęp do prawoznawstwa / _cJózef Nowacki, Zygmunt Tobor. |
| 260 |
_aKatowice : _bNaukowa Oficyna Wydawnicza, _c1996. |
||
| 300 |
_a243, [1] s. ; _c23 cm. |
||
| 650 | 9 |
_aPrawo _xteoria |
|
| 700 | 1 | _aTOBOR, Zygmunt | |
| 020 | _a8390643405 | ||
| 040 | _cBPK | ||
| 041 | 0 | _apl | |
| 080 | _a340.1 | ||
| 920 | _a83-906434-0-5 | ||
| 942 | _cKS | ||
| 008 | s pl f |000 0 pol | ||
| 999 |
_c31386 _d31386 |
||
| 856 |
_uhttp://koha.tu.koszalin.pl/cgi-bin/koha/opac-detail.pl?biblionumber=31386 _yKatalog online BPK |
||